000 00628nam a2200229 4500
003 OSt
005 20240605022547.0
006 a
008 240605b |||||||| |||| 00| 0 eng d
020 _a9788183569477
040 _aDWCL-HMN lib.
_cOC
082 _aCirc. 338.4791 C311u 2011
100 _aCarr, David
245 _aUrban tourism /
260 _aIndia :
_bDiscovery Publishing House,
_cc2011.
300 _b248 pages : illustrations ;
_c22 cm.
504 _aIncludes bibliography and index.
650 _a1. Tourism.
650 _a 2. Cities and towns.
700 _aDavid Carr
942 _2ddc
_n0
_cBK-CIRC
_kCirc.
999 _c172
_d172